000 00845nam a22002657a 4500
003 OSt
005 20140310181727.0
008 130624t xxu||||| |||| 00| 0 eng d
020 _a9780582382442
050 0 0 _aPE 1471
_b.St888 2001
082 0 0 _aIB 808.4
_b.M28 2001
245 0 0 _aMaking your case :
_ba practical guide to essay writing /
_cedited by Rebecca Stott, Anna Snaith, and Rick Rylance.
260 _aHarlow, England ;
_aNew York :
_bLongman,
_c2001.
300 _aix, 154 p. :
_bill. ;
_c23 cm.
440 0 _aSpeak-write series
562 _efor circulation. 1 copy available in the collection
650 0 _aEnglish language
_xRhetoric.
650 0 _aEssay
_xAuthorship.
650 0 _aReport writing.
700 1 _aStott, Rebecca.
700 1 _aSnaith, Anna.
700 1 _aRylance, Rick.
942 _2lcc
_cBK
999 _c2259
_d2259